00972 2200325 4500001002100000005001500021035002000036007000300056008004100059020002200100040002200122082001400144084001600158090001900174100002300193245011600216250002300332300002900355650002000384700003200404850001200436264004400448336002100492337003000513338002300543990002000566990002000586990002000606990002000626INLIS00000000085265720191104094100 a0010-1119000065ta191104 2018 jti g | ind d a978-602-50674-2-6 aYOPDYOGbinderda04223a809.8 a809.8 DIA l aPK 809.8 DIA l0 aDian Nafiepenulis10aLife miracle :bkisah-kisah inspiratif keajaiban dalam hidup /cpenulis, Dian Nafi; penyunting, Retno Adiastuti aCetakan ke 1, 2018 avi, 156 halaman ;c18 cm 4aKisah kehidupan0 aRetno Adiastutiepenyunting aYOPDYOG31aSemarang :bSyalmahat Publishing,c2018 2rdacontentateks 2rdamediaatanpa perantara 2rdacarrieravolume a40317-PD/B.2019 a40318-PD/B.2019 a40318-PD/B.2019 a40317-PD/B.2019